[Event "Pardubice Czech op-E 34th"]
[Site "Pardubice"]
[Date "2023.07.14"]
[Round "2"]
[White "Tyomkyn, Mikhail"]
[Black "Eret, Matous"]
[Result "0-1"]
[WhiteElo "2179"]
[BlackElo "2300"]
[PlyCount "64"]
[EventDate "2023.07.13"]
[EventType "team-swiss"]
[EventRounds "7"]
[EventCountry "CZE"]
[SourceTitle "CBM 215 Extra"]
[Source "ChessBase"]
[SourceDate "2023.09.30"]
[SourceVersion "1"]
[SourceVersionDate "2023.09.30"]
[SourceQuality "1"]
[WhiteTeam "Vysehrad IV"]
[BlackTeam "Klatovy Sokol"]
[WhiteTeamCountry "CZE"]
[BlackTeamCountry "CZE"]

1. Nf3 Nf6 2. g3 d6 3. Bg2 Nbd7 4. c4 e5 5. Nc3 Be7 6. 0-0 0-0 7. d4 c6 8. Qc2 Qc7 9. h3 Re8 10. Rd1 h6 11. a3 a5 12. dxe5 dxe5 13. Be3 Nc5 14. Nd2 Ne6 15. Nf3 Nc5 16. Nd2 Be6 17. Kh2 a4 18. Bxc5 Bxc5 19. e3 Qa5 20. Nce4 Nxe4 21. Nxe4 Be7 22. Rac1 Red8 23. Rxd8+ Rxd8 24. Nc3 Bxc4 25. Nxa4 Bd3 26. Qb3 Qd2 27. Rd1 Qe2 28. Nc3 Qxf2 29. Qxb7 Bf8 30. Qxc6 Rd6 31. Qf3 Qxb2 32. Nd5 e4 0-1

[Event "CZE-chT2A 2223"]
[Site "Czech Republic"]
[Date "2022.12.04"]
[Round "4.1"]
[White "Novak, Pavel"]
[Black "Tyomkyn, Mikhail"]
[Result "0-1"]
[WhiteElo "2391"]
[BlackElo "2121"]
[PlyCount "40"]
[EventDate "2022.10.16"]
[EventType "team-tourn"]
[EventRounds "11"]
[EventCountry "CZE"]
[SourceTitle "EXT 2024"]
[Source "ChessBase"]
[SourceDate "2023.10.10"]
[SourceVersion "1"]
[SourceVersionDate "2023.10.10"]
[SourceQuality "1"]
[WhiteTeam "Line II"]
[BlackTeam "Vysehrad II"]
[WhiteTeamCountry "CZE"]
[BlackTeamCountry "CZE"]

1. e4 c5 2. Nc3 g6 3. d4 cxd4 4. Qxd4 Nf6 5. Nf3 Nc6 6. Qa4 d6 7. e5 dxe5 8. Nxe5 Bd7 9. Nxd7 Nxd7 10. Be3 Bg7 11. Be2 0-0 12. Rd1 Qc8 13. 0-0 Nb6 14. Qh4 Qe6 15. Bxb6 axb6 16. Bc4 Qf6 17. Qg3 Qf5 18. Qe3 Qxc2 19. Rd2 Qf5 20. Qxb6 Qf4 0-1

[Event "CZE-chT2A 2223"]
[Site "Czech Republic"]
[Date "2022.11.20"]
[Round "3.2"]
[White "Stinka, Jakub"]
[Black "Tyomkyn, Mikhail"]
[Result "1/2-1/2"]
[WhiteElo "2320"]
[BlackElo "2121"]
[PlyCount "66"]
[EventDate "2022.10.16"]
[EventType "team-tourn"]
[EventRounds "11"]
[EventCountry "CZE"]
[SourceTitle "EXT 2024"]
[Source "ChessBase"]
[SourceDate "2023.10.10"]
[SourceVersion "1"]
[SourceVersionDate "2023.10.10"]
[SourceQuality "1"]
[WhiteTeam "Pisek"]
[BlackTeam "Vysehrad II"]
[WhiteTeamCountry "CZE"]
[BlackTeamCountry "CZE"]

1. d4 Nf6 2. c4 g6 3. Nc3 d5 4. cxd5 Nxd5 5. e4 Nxc3 6. bxc3 Bg7 7. Nf3 c5 8. Rb1 0-0 9. Be2 Nc6 10. d5 Ne5 11. Nxe5 Bxe5 12. Qd2 e6 13. f4 Bc7 14. 0-0 exd5 15. exd5 Ba5 16. f5 Bxf5 17. Rxb7 Qf6 18. Rf3 Qe5 19. Bc4 Rfb8 20. Rxb8+ Rxb8 21. d6 Rb1 22. d7 Qe7 23. Rf1 Qxd7 24. Qxd7 Bxd7 25. Bxf7+ Kh8 26. c4 Bc3 27. Be3 Rxf1+ 28. Kxf1 Kg7 29. Bd5 Bb4 30. Ke2 Bf5 31. Bc1 Bc3 32. Be3 Bb4 33. Bc1 Bc3 1/2-1/2

[Event "Basingstoke 4NCL Spring Bank 2nd"]
[Site "Basingstoke"]
[Date "2019.05.26"]
[Round "5"]
[White "Jaufarally, Nadia"]
[Black "Tyomkyn, Mikhail"]
[Result "1/2-1/2"]
[WhiteElo "1945"]
[BlackElo "2153"]
[PlyCount "82"]
[EventDate "2019.05.24"]
[EventType "swiss"]
[EventRounds "7"]
[EventCountry "ENG"]
[SourceTitle "CBM 190 Extra"]
[Source "ChessBase"]
[SourceDate "2019.07.15"]
[SourceVersion "1"]
[SourceVersionDate "2019.07.15"]
[SourceQuality "1"]

1. e4 d6 2. d4 Nf6 3. Bd3 e5 4. c3 g6 5. Nf3 Nc6 6. 0-0 Bg7 7. Nbd2 0-0 8. Bc2 Nh5 9. dxe5 Nxe5 10. Nxe5 dxe5 11. Nc4 Nf4 12. Be3 Qg5 13. Bxf4 exf4 14. Qd5 Qh4 15. Nd2 c6 16. Qc5 Qd8 17. Rad1 Bg4 18. f3 Be6 19. Nb3 Qb6 20. a3 Rfd8 21. Rxd8+ Rxd8 22. Rd1 Rxd1+ 23. Bxd1 Bf8 24. Qxb6 axb6 25. Nd4 Bd7 26. Kf2 c5 27. Ne2 g5 28. c4 Bg7 29. Nc3 Kf8 30. Ke2 h5 31. Kd3 f5 32. b3 Bxc3 33. Kxc3 fxe4 34. fxe4 h4 35. h3 Ke7 36. Bf3 Ke6 37. Bg4+ Ke7 38. Bxd7 Kxd7 39. Kd3 g4 40. Ke2 f3+ 41. gxf3 g3 1/2-1/2

[Event "Basingstoke 4NCL Spring Bank 2nd"]
[Site "Basingstoke"]
[Date "2019.05.26"]
[Round "4"]
[White "Tyomkyn, Mikhail"]
[Black "Skettos, Nicolas"]
[Result "1/2-1/2"]
[WhiteElo "2153"]
[BlackElo "1830"]
[PlyCount "49"]
[EventDate "2019.05.24"]
[EventType "swiss"]
[EventRounds "7"]
[EventCountry "ENG"]
[SourceTitle "CBM 190 Extra"]
[Source "ChessBase"]
[SourceDate "2019.07.15"]
[SourceVersion "1"]
[SourceVersionDate "2019.07.15"]
[SourceQuality "1"]

1. Nf3 Nf6 2. c4 b6 3. d4 e6 4. g3 Ba6 5. Qb3 Nc6 6. Nbd2 Na5 7. Qc3 c5 8. dxc5 bxc5 9. e4 d6 10. e5 dxe5 11. Bg2 Bb7 12. 0-0 Bd6 13. Nxe5 Bxg2 14. Kxg2 Qc7 15. Re1 Nc6 16. Nxc6 Qxc6+ 17. Qf3 Qxf3+ 18. Nxf3 0-0 19. Bg5 Rab8 20. Rad1 Rfd8 21. b3 Bc7 22. Rxd8+ Rxd8 23. Ne5 h6 24. Bxf6 gxf6 25. Nf3 1/2-1/2

[Event "BCF-chT1d 1819 (4NCL) Demotion pool"]
[Site "England"]
[Date "2019.05.05"]
[Round "10.72"]
[White "Tyomkyn, Mikhail"]
[Black "Ghasi, Ameet K"]
[Result "0-1"]
[WhiteElo "2153"]
[BlackElo "2499"]
[PlyCount "192"]
[EventDate "2018.11.10"]
[EventType "team-tourn"]
[EventRounds "4"]
[EventCountry "ENG"]
[SourceTitle "CBM 190 Extra"]
[Source "ChessBase"]
[SourceDate "2019.07.15"]
[SourceVersion "1"]
[SourceVersionDate "2019.07.15"]
[SourceQuality "1"]
[WhiteTeam "Oxford"]
[BlackTeam "Grantham Sharks"]
[WhiteTeamCountry "ENG"]
[BlackTeamCountry "ENG"]

1. d4 Nf6 2. Nf3 g6 3. g3 Bg7 4. Bg2 0-0 5. 0-0 d6 6. b3 c6 7. Bb2 Qa5 8. c4 Qh5 9. h4 h6 10. Nbd2 Ng4 11. Re1 f5 12. e3 g5 13. Nf1 Nd7 14. hxg5 hxg5 15. N3h2 Ndf6 16. d5 c5 17. f3 Nxh2 18. Nxh2 Rf7 19. f4 Qg6 20. Nf3 Ne4 21. Bxg7 Rxg7 22. Nxg5 Nxg5 23. fxg5 Qxg5 24. Qf3 Qxg3 25. Qxg3 Rxg3 26. Kf2 Rg7 27. Bf3 Bd7 28. Rh1 b5 29. cxb5 Bxb5 30. Rh6 Rh7 31. Rg1+ Kh8 32. Rhg6 Rf8 33. Kg3 Be8 34. Rg5 a5 35. Kf4 Rh4+ 36. Kg3 Rh6 37. Kf4 Bb5 38. Bh5 Bd3 39. Bg6 Be4 40. Bxf5 Bxd5 41. e4 Bf7 42. Ke3 Rg8 43. e5 dxe5 44. Rxg8+ Bxg8 45. Rc1 Rh5 46. Bd7 e4 47. Kxe4 Bf7 48. Bf5 Kg7 49. Bg4 Rd5 50. Be2 Rd2 51. Bc4 e6 52. a4 Kf6 53. Ke3 Rd4 54. Bxe6 Bxe6 55. Rxc5 Rh4 56. Rxa5 Bxb3 57. Ra6+ Ke5 58. Ra5+ Bd5 59. Ra7 Rh3+ 60. Ke2 Kd4 61. Rd7 Rh2+ 62. Kd1 Kc4 63. Ke1 Ra2 64. a5 Be4 65. a6 Rxa6 66. Ke2 Re6 67. Kd2 Bd5 68. Rd8 Kd4 69. Kd1 Ra6 70. Rd7 Ra2 71. Rd8 Kc4 72. Ke1 Be4 73. Rd2 Ra8 74. Kf2 Bd3 75. Kg3 Kd4 76. Kf4 Rf8+ 77. Kg5 Ke4 78. Ra2 Bb5 79. Rb2 Bc6 80. Re2+ Kd4 81. Rd2+ Ke5 82. Ra2 Rg8+ 83. Kh5 Bd7 84. Ra5+ Kf6 85. Kh4 Rg4+ 86. Kh5 Re4 87. Kh6 Re8 88. Ra6+ Be6 89. Ra7 Rd8 90. Rb7 Rd4 91. Rb5 Rd8 92. Rb7 Rd5 93. Rb6 Ra5 94. Rb7 Bf7 95. Rb6+ Ke7 96. Rb7+ Kf8 0-1

[Event "BCF-chT1d 1819 (4NCL) Demotion pool"]
[Site "England"]
[Date "2019.05.04"]
[Round "9.74"]
[White "Ashton, Adam"]
[Black "Tyomkyn, Mikhail"]
[Result "1-0"]
[WhiteElo "2316"]
[BlackElo "2153"]
[PlyCount "133"]
[EventDate "2018.11.10"]
[EventType "team-tourn"]
[EventRounds "4"]
[EventCountry "ENG"]
[SourceTitle "CBM 190 Extra"]
[Source "ChessBase"]
[SourceDate "2019.07.15"]
[SourceVersion "1"]
[SourceVersionDate "2019.07.15"]
[SourceQuality "1"]
[WhiteTeam "3CS Oldham"]
[BlackTeam "Oxford"]
[WhiteTeamCountry "ENG"]
[BlackTeamCountry "ENG"]

1. e4 e6 2. d4 d5 3. Nd2 Nc6 4. Ngf3 Nf6 5. e5 Nd7 6. Bb5 a6 7. Bxc6 bxc6 8. 0-0 c5 9. Re1 cxd4 10. Nxd4 c5 11. N4f3 Be7 12. Nf1 0-0 13. Bf4 f6 14. Qd2 fxe5 15. Nxe5 Qb6 16. b3 Bf6 17. Re2 a5 18. Rae1 Nxe5 19. Bxe5 a4 20. Bxf6 Rxf6 21. Ne3 d4 22. Ng4 Rf5 23. Ne5 axb3 24. axb3 Ra2 25. Qd3 Qa6 26. Nc4 Ra1 27. h3 h6 28. Qg3 Rxe1+ 29. Rxe1 Qc6 30. Qd6 Qd5 31. Qxd5 Rxd5 32. Nb6 Rd8 33. Re5 Bb7 34. Rxc5 Be4 35. f3 Bf5 36. Kf2 d3 37. cxd3 Rxd3 38. g4 Bg6 39. b4 Rb3 40. Rc4 Bd3 41. Rc8+ Kh7 42. Nd7 Rxb4 43. Nf8+ Kg8 44. Nxe6+ Kf7 45. Nc5 Rb2+ 46. Ke3 Bf1 47. Rc7+ Kf6 48. Ne4+ Kg6 49. h4 Rb6 50. Ng3 Bg2 51. Nh5 Kh7 52. Rxg7+ Kh8 53. Rf7 Kg8 54. Rf6 Rb3+ 55. Kf2 Rb2+ 56. Kg3 Kh7 57. Nf4 Bf1 58. Rf7+ Kg8 59. Rc7 Ra2 60. h5 Rb2 61. Nd5 Rb3 62. Ne7+ Kh8 63. Rc6 Kh7 64. Nf5 Ra3 65. Rxh6+ Kg8 66. Re6 Bd3 67. Re3 1-0

[Event "BCF-chT3S 1819 (4NCL) Promotion pool"]
[Site "England"]
[Date "2019.04.14"]
[Round "8.22"]
[White "Tyomkyn, Mikhail"]
[Black "Okike, David"]
[Result "1-0"]
[WhiteElo "2138"]
[BlackElo "2168"]
[PlyCount "111"]
[EventDate "2019.04.14"]
[EventType "team-tourn"]
[EventRounds "11"]
[EventCountry "ENG"]
[SourceTitle "EXT 2021"]
[Source "ChessBase"]
[SourceDate "2020.10.23"]
[SourceVersion "1"]
[SourceVersionDate "2020.10.23"]
[SourceQuality "1"]
[WhiteTeam "Oxford II"]
[BlackTeam "Kings Head"]
[WhiteTeamCountry "ENG"]
[BlackTeamCountry "ENG"]

1. Nf3 d5 2. d4 c6 3. c4 Nf6 4. e3 e6 5. b3 Bb4+ 6. Nbd2 a5 7. a3 Be7 8. Bd3 Nbd7 9. Bb2 0-0 10. 0-0 Re8 11. e4 Nf8 12. e5 N6d7 13. c5 b6 14. b4 Ba6 15. Bxa6 Rxa6 16. Qe2 Ra7 17. Rfc1 f6 18. Nb3 a4 19. cxb6 Nxb6 20. Na5 Rxa5 21. bxa5 Nc4 22. Bc3 Bxa3 23. Rcb1 c5 24. dxc5 Bxc5 25. Rxa4 f5 26. Rba1 Qc7 27. Nd2 Nxd2 28. Qxd2 Nd7 29. Qe1 Ra8 30. h3 Ra6 31. Bb2 Qa7 32. Qd2 Qb8 33. Qe2 Qa7 34. Qd2 Qb8 35. Qe2 Qa7 36. R1a2 h6 37. Ba3 Kh7 38. Kh2 Bf8 39. Bxf8 Nxf8 40. f4 Nd7 41. Qb5 Nc5 42. Rb4 Ne4 43. Qb7 d4 44. Qxa7 Rxa7 45. Rxd4 g5 46. fxg5 hxg5 47. a6 Kg6 48. Rb4 Nc5 49. Ra5 Rxa6 50. Rxc5 f4 51. h4 Kf5 52. hxg5 Ra2 53. Rcc4 f3 54. Rf4+ Kxg5 55. Rxf3 Re2 56. Rb8 1-0

[Event "BCF-chT1a 1819 (4NCL)"]
[Site "England"]
[Date "2019.01.12"]
[Round "3.15"]
[White "Tyomkyn, Mikhail"]
[Black "Pert, Nicholas"]
[Result "0-1"]
[WhiteElo "2111"]
[BlackElo "2558"]
[PlyCount "46"]
[EventDate "2018.11.10"]
[EventType "team-tourn"]
[EventRounds "7"]
[EventCountry "ENG"]
[SourceTitle "CBM 188 Extra"]
[Source "ChessBase"]
[SourceDate "2019.02.26"]
[SourceVersion "1"]
[SourceVersionDate "2019.02.26"]
[SourceQuality "1"]
[WhiteTeam "Oxford"]
[BlackTeam "Guildford"]
[WhiteTeamCountry "ENG"]
[BlackTeamCountry "ENG"]

1. d4 d5 2. c4 c6 3. Nf3 Nf6 4. e3 Bf5 5. Nc3 e6 6. Nh4 Be4 7. f3 Bg6 8. Qb3 Qc7 9. Bd2 Be7 10. Nxg6 hxg6 11. 0-0-0 dxc4 12. Bxc4 b5 13. Be2 a6 14. g3 c5 15. dxc5 Nbd7 16. Kb1 Nxc5 17. Qc2 0-0 18. f4 Rac8 19. Rc1 Qb7 20. Ka1 b4 21. Na4 Nce4 22. Bc4 Nxd2 23. Qxd2 Rxc4 0-1

[Event "BCF-chT1a 1819 (4NCL)"]
[Site "England"]
[Date "2018.11.10"]
[Round "1.3"]
[White "Valdes Escobar, Alvaro Daniel"]
[Black "Tyomkyn, Mikhail"]
[Result "1-0"]
[WhiteElo "2346"]
[BlackElo "2115"]
[PlyCount "83"]
[EventDate "2018.11.10"]
[EventType "team-tourn"]
[EventRounds "7"]
[EventCountry "ENG"]
[SourceTitle "CBM 187 Extra"]
[Source "ChessBase"]
[SourceDate "2018.11.04"]
[SourceVersion "1"]
[SourceVersionDate "2018.11.04"]
[SourceQuality "1"]
[WhiteTeam "Wood Green"]
[BlackTeam "Oxford"]
[WhiteTeamCountry "ENG"]
[BlackTeamCountry "ENG"]

1. Nf3 Nf6 2. c4 c5 3. Nc3 g6 4. d4 cxd4 5. Nxd4 Bg7 6. e4 Nc6 7. Be3 Ng4 8. Qxg4 Nxd4 9. Qd1 Ne6 10. Qd2 d6 11. Be2 0-0 12. 0-0 Nc5 13. f3 a5 14. Rfd1 Be6 15. Rab1 Qb6 16. Nb5 Rfc8 17. b3 Bd7 18. Nd4 Qd8 19. Rbc1 Ne6 20. Nb5 Bxb5 21. cxb5 Rxc1 22. Rxc1 Nc5 23. Bc4 b6 24. Rd1 Qf8 25. Qd5 Rc8 26. f4 Rc7 27. h3 e6 28. Qxd6 Rd7 29. Qxf8+ Bxf8 30. Rxd7 Nxd7 31. Kf1 Bc5 32. Bd2 Kf8 33. Ke2 Ke7 34. e5 Ba3 35. Bd3 h5 36. Be4 Nc5 37. Bc6 Kd8 38. Be1 Nd7 39. Bf2 Bc5 40. Bxd7 Kxd7 41. Bxc5 bxc5 42. Kd3 1-0

[Event "Landesliga Sued 1213"]
[Site "Bayern"]
[Date "2013.03.17"]
[Round "8.3"]
[White "Tyomkyn, Mikhail"]
[Black "Michaelis, Martin"]
[Result "0-1"]
[WhiteElo "2091"]
[BlackElo "2228"]
[PlyCount "98"]
[EventDate "2012.10.14"]
[EventType "team-tourn"]
[EventRounds "9"]
[EventCountry "GER"]
[SourceTitle "EXT 2015"]
[Source "ChessBase"]
[SourceDate "2014.11.20"]
[SourceVersion "1"]
[SourceVersionDate "2014.11.20"]
[SourceQuality "1"]
[WhiteTeam "Haunstetten"]
[BlackTeam "Ingolstadt"]
[WhiteTeamCountry "GER"]
[BlackTeamCountry "GER"]

1. Nf3 Nf6 2. c4 c5 3. g3 Nc6 4. Bg2 g6 5. Nc3 Bg7 6. 0-0 0-0 7. d4 cxd4 8. Nxd4 Nxd4 9. Qxd4 d6 10. Bg5 Ng4 11. Qd2 h6 12. Bf4 g5 13. Be3 Nxe3 14. Qxe3 Bf5 15. Rac1 Qd7 16. b3 e6 17. Rfd1 Qe7 18. Rd2 Rfd8 19. Rcd1 Be5 20. Nb5 a6 21. Nd4 Bh7 22. Nf3 Bg7 23. Qb6 d5 24. cxd5 Rxd5 25. Nd4 Qd6 26. Qxd6 Rxd6 27. Bxb7 Ra7 28. Bg2 Rc7 29. e4 f5 30. exf5 exf5 31. Bf1 Rcd7 32. Bc4+ Kh8 33. Nf3 Rxd2 34. Rxd2 Rxd2 35. Nxd2 a5 36. Kg2 Bc3 37. Nf1 Kg7 38. f4 Bd4 39. h4 gxh4 40. gxh4 Bg6 41. Ng3 Kf6 42. Bd3 Be3 43. Kf3 Bc1 44. h5 Be8 45. Nxf5 Bxh5+ 46. Kg3 Bg6 47. Nxh6 Bxd3 48. Ng4+ Kf5 49. Nh6+ Ke4 0-1

[Event "Landesliga Sued 1112"]
[Site "Bayern"]
[Date "2012.04.15"]
[Round "9.4"]
[White "Jussupow, Ekaterina"]
[Black "Tyomkyn, Mikhail"]
[Result "0-1"]
[WhiteElo "2178"]
[BlackElo "2072"]
[PlyCount "58"]
[EventDate "2011.10.02"]
[EventType "team-tourn"]
[EventRounds "9"]
[EventCountry "GER"]
[SourceTitle "EXT 2015"]
[Source "ChessBase"]
[SourceDate "2014.11.20"]
[SourceVersion "1"]
[SourceVersionDate "2014.11.20"]
[SourceQuality "1"]
[WhiteTeam "Krumbach"]
[BlackTeam "Haunstetten"]
[WhiteTeamCountry "GER"]
[BlackTeamCountry "GER"]

1. b3 e5 2. Bb2 Nc6 3. e4 Nf6 4. d3 Bc5 5. Nd2 0-0 6. h3 d5 7. Ngf3 Qe7 8. g3 Rd8 9. exd5 Nxd5 10. Bg2 Bd4 11. Nxd4 exd4+ 12. Qe2 Be6 13. 0-0 a5 14. a4 Ra6 15. Ne4 Re8 16. Rae1 h6 17. Qd2 Raa8 18. c3 f5 19. cxd4 fxe4 20. dxe4 Qb4 21. Rd1 Qxb3 22. exd5 Bxd5 23. Bxd5+ Qxd5 24. Rfe1 Rxe1+ 25. Rxe1 Rf8 26. Ba3 Nxd4 27. Qc1 Nf3+ 28. Kf1 Qd3+ 29. Re2 Re8 0-1

[Event "Landesliga Sued 1112"]
[Site "Bayern"]
[Date "2011.10.02"]
[Round "1.4"]
[White "Tyomkyn, Mikhail"]
[Black "Lederle, Vitus"]
[Result "1/2-1/2"]
[WhiteElo "2072"]
[BlackElo "2147"]
[PlyCount "86"]
[EventDate "2011.10.02"]
[EventType "team-tourn"]
[EventRounds "9"]
[EventCountry "GER"]
[SourceTitle "EXT 2013"]
[Source "ChessBase"]
[SourceDate "2012.11.22"]
[SourceVersion "1"]
[SourceVersionDate "2012.11.22"]
[SourceQuality "1"]
[WhiteTeam "Haunstetten"]
[BlackTeam "Dillingen"]
[WhiteTeamCountry "GER"]
[BlackTeamCountry "GER"]

1. d4 Nf6 2. Bg5 Ne4 3. Bf4 c5 4. f3 Qa5+ 5. c3 Nf6 6. d5 d6 7. e4 g6 8. Nd2 Bg7 9. Nc4 Qd8 10. a4 0-0 11. Bd3 Nh5 12. Be3 e6 13. Ne2 exd5 14. exd5 Qe7 15. 0-0 Nd7 16. Qd2 Ne5 17. Bg5 Bf6 18. Bh6 Re8 19. Rae1 Qd8 20. Ng3 Nxg3 21. hxg3 Nxc4 22. Bxc4 Bd7 23. Bb5 a6 24. Bxd7 Qxd7 25. Qf4 Bg7 26. Bxg7 Kxg7 27. g4 f6 28. g5 fxg5 29. Qxg5 Rxe1 30. Rxe1 Re8 31. Rxe8 Qxe8 32. Kf2 b5 33. axb5 axb5 34. Qf4 Qe7 35. b4 Qf6 36. Qe3 cxb4 37. cxb4 Qh4+ 38. Kg1 Qxb4 39. Qe7+ Kh6 40. Qe3+ Kg7 41. Qe7+ Kh6 42. Qe3+ g5 43. Qe6+ Kg7 1/2-1/2

[Event "Varsity Oxbridge m 128th"]
[Site "London"]
[Date "2010.03.06"]
[Round "1.6"]
[White "Morris, Graham P"]
[Black "Tyomkyn, Mikhail"]
[Result "0-1"]
[WhiteElo "2034"]
[BlackElo "2111"]
[PlyCount "90"]
[EventDate "2010.03.06"]
[EventType "team"]
[EventRounds "1"]
[EventCountry "ENG"]
[SourceTitle "CBM 135 Extra"]
[Source "ChessBase"]
[SourceDate "2010.05.04"]
[SourceVersion "1"]
[SourceVersionDate "2010.05.04"]
[SourceQuality "1"]

1. e4 g6 2. d4 Bg7 3. Nc3 d6 4. Be3 c6 5. Qd2 Nd7 6. Nf3 Qa5 7. Be2 Ngf6 8. 0-0 0-0 9. h3 Qc7 10. Rfe1 b5 11. a3 a6 12. Bf1 Nb6 13. Bg5 Bb7 14. Rad1 Rac8 15. e5 Nfd5 16. Ne4 f5 17. exf6 Nxf6 18. Nxf6+ exf6 19. Bf4 Rcd8 20. h4 Bc8 21. h5 gxh5 22. Nh4 Kh8 23. Bd3 f5 24. c3 Nd5 25. Bg5 f4 26. Bxd8 Qxd8 27. Nf3 h4 28. c4 bxc4 29. Bxc4 h3 30. Bxd5 cxd5 31. Qe2 Bf6 32. gxh3 Bxh3 33. Kh2 Qd7 34. Rg1 Qf5 35. Ne1 Bg5 36. Qf3 Rf6 37. Qxh3 Rh6 38. Qxh6 Bxh6 39. Nf3 Qh5+ 40. Kg2 Qg4+ 41. Kf1 Qxf3 42. Rc1 Qh3+ 43. Ke1 Qe6+ 44. Kd1 f3 45. Rc2 Qf5 0-1

[Event "Regionalliga SW 0506"]
[Site "Bayern"]
[Date "2006.03.12"]
[Round "8.6"]
[White "Tyomkyn, Mikhail"]
[Black "Broschwitz, Martin"]
[Result "1/2-1/2"]
[WhiteElo "2047"]
[BlackElo "2098"]
[PlyCount "68"]
[EventDate "2005.10.23"]
[EventType "team-tourn"]
[EventRounds "9"]
[EventCountry "GER"]
[SourceTitle "EXT 2007"]
[Source "ChessBase"]
[SourceDate "2006.11.23"]
[SourceVersion "1"]
[SourceVersionDate "2006.11.23"]
[SourceQuality "1"]

1. e4 c6 2. Nf3 d5 3. Nc3 dxe4 4. Nxe4 Bg4 5. h3 Bh5 6. Ng3 Bxf3 7. Qxf3 Nf6 8. Be2 e6 9. 0-0 Bd6 10. d4 0-0 11. Rd1 Nbd7 12. c4 Re8 13. Be3 Qc7 14. Ne4 Nxe4 15. Qxe4 Nf6 16. Qh4 Nd7 17. Bd3 Nf8 18. Rac1 Rad8 19. d5 Ng6 20. Qh5 exd5 21. cxd5 Re5 22. Bf5 Qa5 23. Qf3 Nh4 24. Bxh7+ Kxh7 25. Qxf7 Rxd5 26. Rxd5 Qxd5 27. Qxd5 cxd5 28. Bg5 Re8 29. Bxh4 Re2 30. g4 d4 31. Rd1 Be5 32. b3 Rxa2 33. Kg2 Rb2 34. Rd3 Kg6 1/2-1/2

[Event "Regionalliga SW 0506"]
[Site "Bayern"]
[Date "2005.11.27"]
[Round "3.7"]
[White "Gabriel, Wilfried"]
[Black "Tyomkyn, Mikhail"]
[Result "1/2-1/2"]
[WhiteElo "1837"]
[BlackElo "2047"]
[PlyCount "92"]
[EventDate "2005.10.23"]
[EventType "team-tourn"]
[EventRounds "9"]
[EventCountry "GER"]
[SourceTitle "EXT 2007"]
[Source "ChessBase"]
[SourceDate "2006.11.23"]
[SourceVersion "1"]
[SourceVersionDate "2006.11.23"]
[SourceQuality "1"]

1. e4 d6 2. d4 Nf6 3. Nc3 g6 4. h3 Bg7 5. Nf3 0-0 6. Be2 a6 7. a4 b6 8. 0-0 Bb7 9. e5 Ne8 10. Bf4 Nd7 11. Re1 e6 12. Qd2 c5 13. dxc5 dxe5 14. Rad1 exf4 15. Qxd7 Qxd7 16. Rxd7 Bc6 17. Rdd1 bxc5 18. Ra1 Nc7 19. Nd2 Rab8 20. Nc4 Rfd8 21. Bd3 f5 22. Ra2 Rb4 23. Ne5 Bb7 24. a5 Rbd4 25. Na4 Bxe5 26. Rxe5 c4 27. Be2 Bd5 28. c3 Rd2 29. Nb6 Nb5 30. Bxc4 Nxc3 31. Bxd5 Nxa2 32. Bxe6+ Kg7 33. Bxa2 Rxb2 34. Bd5 Rb5 35. Re7+ Kh6 36. Bc4 Rb1+ 37. Kh2 Rdd1 38. g4 Rh1+ 39. Kg2 Rbg1+ 40. Kf3 Rxh3+ 41. Kxf4 Rxg4+ 42. Ke5 Ra3 43. Kf6 Rf4 44. Bg8 Kh5 45. Rxh7+ Kg4 46. Nc4 Rxc4 1/2-1/2

[Event "Regionalliga SW 0405"]
[Site "Bayern"]
[Date "2005.01.30"]
[Round "6.7"]
[White "Tyomkyn, Mikhail"]
[Black "Moses, Daniel"]
[Result "1-0"]
[WhiteElo "1976"]
[BlackElo "1892"]
[PlyCount "61"]
[EventDate "2004.10.24"]
[EventType "team-tourn"]
[EventRounds "9"]
[EventCountry "GER"]
[SourceTitle "EXT 2007"]
[Source "ChessBase"]
[SourceDate "2006.11.23"]
[SourceVersion "1"]
[SourceVersionDate "2006.11.23"]
[SourceQuality "1"]
[WhiteTeam "Haunstetten"]
[BlackTeam "Muenchen Schwabing/Nord II"]
[WhiteTeamCountry "GER"]
[BlackTeamCountry "GER"]

1. e4 Nc6 2. d4 d5 3. e5 f6 4. f4 Bf5 5. Nf3 e6 6. Be3 Be4 7. c3 f5 8. Nbd2 Be7 9. b4 Nh6 10. h3 Bh4+ 11. Bf2 Be7 12. Bb5 0-0 13. 0-0 Nb8 14. Nb3 c6 15. Be2 b6 16. Nfd2 Nf7 17. Nxe4 dxe4 18. b5 Qc8 19. bxc6 Qxc6 20. c4 Rd8 21. d5 exd5 22. Nd4 Qc8 23. cxd5 Rxd5 24. Qb3 Ra5 25. Rac1 Qb7 26. Nxf5 Ba3 27. Rcd1 Na6 28. e6 Nh6 29. Nxh6+ gxh6 30. e7+ Kg7 31. Bd4+ 1-0

[Event "Regionalliga SW 0405"]
[Site "Bayern"]
[Date "2005.01.16"]
[Round "5.7"]
[White "Azimi, Reza"]
[Black "Tyomkyn, Mikhail"]
[Result "1/2-1/2"]
[WhiteElo "2016"]
[BlackElo "1976"]
[PlyCount "138"]
[EventDate "2004.10.24"]
[EventType "team-tourn"]
[EventRounds "9"]
[EventCountry "GER"]
[SourceTitle "EXT 2007"]
[Source "ChessBase"]
[SourceDate "2006.11.23"]
[SourceVersion "1"]
[SourceVersionDate "2006.11.23"]
[SourceQuality "1"]
[WhiteTeam "Sendling SC"]
[BlackTeam "Haunstetten"]
[WhiteTeamCountry "GER"]
[BlackTeamCountry "GER"]

1. e4 d6 2. c4 g6 3. d4 Bg7 4. Nc3 Nc6 5. d5 Nd4 6. Be3 c5 7. dxc6 Nxc6 8. Nf3 Nf6 9. Be2 Ng4 10. Bg5 Bxc3+ 11. bxc3 Qa5 12. 0-0 Qxc3 13. h3 Nge5 14. Rc1 Nxf3+ 15. Bxf3 Qe5 16. Qd2 Nd4 17. Bd1 Ne6 18. Ba4+ Bd7 19. Bxd7+ Kxd7 20. Be3 Qxe4 21. c5 d5 22. Qb2 Kc7 23. Qb5 d4 24. Qa5+ Kd7 25. Qb4 Rhd8 26. Rfe1 Qd5 27. Bxd4 Ke8 28. Be3 f6 29. Qh4 Nf8 30. Qh6 Kf7 31. Bf4 e5 32. Bg3 Rac8 33. f4 e4 34. Bf2 Kg8 35. Qh4 Qf5 36. Qg3 Kg7 37. Qb3 Rc7 38. Qa4 a6 39. Rxe4 Ne6 40. Rce1 Nxc5 41. Bxc5 Qxc5+ 42. Kh1 Qf2 43. R4e2 Qd4 44. Qa5 Rcd7 45. Re7+ Kh6 46. f5 Rxe7 47. Rxe7 Qd1+ 48. Re1 Qd2 49. Qxd2+ Rxd2 50. fxg6 hxg6 51. a4 Ra2 52. Rb1 Rxa4 53. Rxb7 Ra1+ 54. Kh2 a5 55. Rb6 Kg5 56. h4+ Kf5 57. g4+ Kxg4 58. Rxf6 Ra2+ 59. Kg1 Kh5 60. Ra6 a4 61. Kh1 a3 62. Kg1 Ra1+ 63. Kg2 a2 64. Ra4 Kh6 65. Kh2 Kg7 66. Kg2 Kf6 67. Kh2 Kf5 68. Kg2 Ke5 69. Kh2 Kf5 1/2-1/2